000 00332cam a22001337a 4500
008 180718b1999 xxu||||| |||| 00| 0 eng d
020 _a81 7055 637 6
082 _aA3 T594
100 _aTomar, Alok
245 _aEk hara bhara akal
_cby Alok Tomar
260 _aNew Delhi
_bVani Prakashan
_c1999
300 _a234p.
650 _aAkal
999 _c439089
_d439089